Láska cez oceán (Record no. 22106)
[ view plain ]
| 000 -LEADER | |
|---|---|
| fixed length control field | 01400cam a2200469 a 4500 |
| 001 - CONTROL NUMBER | |
| control field | 22106 |
| 003 - CONTROL NUMBER IDENTIFIER | |
| control field | VRT |
| 005 - DATE AND TIME OF LATEST TRANSACTION | |
| control field | 20260320105504.0 |
| 008 - FIXED-LENGTH DATA ELEMENTS--GENERAL INFORMATION | |
| fixed length control field | 240318s2015 xo g 000 f slo |
| 015 ## - NATIONAL BIBLIOGRAPHY NUMBER | |
| National bibliography number | SNBA2016/05 |
| 020 ## - INTERNATIONAL STANDARD BOOK NUMBER | |
| International Standard Book Number | 9788081640568 |
| Qualifying information | (viaz.) |
| 035 ## - SYSTEM CONTROL NUMBER | |
| System control number | urn:nbn:sk:snk-am00bezc |
| 035 ## - SYSTEM CONTROL NUMBER | |
| System control number | urn:nbn:sk:snk-am3h87m |
| 035 ## - SYSTEM CONTROL NUMBER | |
| System control number | B1A81F39-4B65-49B0-A4EB-680EFA2E59D7 |
| 039 #9 - LEVEL OF BIBLIOGRAPHIC CONTROL AND CODING DETAIL [OBSOLETE] | |
| Level of rules in bibliographic description | 202403182255 |
| Level of effort used to assign nonsubject heading access points | VLOAD |
| Level of effort used to assign subject headings | 201811301421 |
| Level of effort used to assign classification | VLOAD |
| Level of effort used to assign subject headings | 201605161434 |
| Level of effort used to assign classification | csnk08 |
| Level of effort used to assign subject headings | 201604300445 |
| Level of effort used to assign classification | VLOAD |
| 040 ## - CATALOGING SOURCE | |
| Original cataloging agency | PPPK |
| Language of cataloging | slo |
| Transcribing agency | PPPK |
| Modifying agency | SNK |
| Description conventions | AACR2 |
| 041 0# - LANGUAGE CODE | |
| Language code of text/sound track or separate title | slo |
| 044 ## - COUNTRY OF PUBLISHING/PRODUCING ENTITY CODE | |
| MARC country code | xo |
| ISO country code | SK |
| 072 #7 - SUBJECT CATEGORY CODE | |
| Subject category code | 821.162.4-3 |
| Subject category code subdivision | Slovenská próza |
| Source | konspekt |
| 080 ## - UNIVERSAL DECIMAL CLASSIFICATION NUMBER | |
| Universal Decimal Classification number | 821.162.4-31 |
| Edition identifier | 2011 |
| 100 1# - MAIN ENTRY--PERSONAL NAME | |
| Personal name | Páleniková, Katarína |
| Relationship | aut |
| 245 10 - TITLE STATEMENT | |
| Title | Láska cez oceán |
| Statement of responsibility, etc. | Katarína Páleniková |
| 250 ## - EDITION STATEMENT | |
| Edition statement | 1. vyd. |
| 260 ## - PUBLICATION, DISTRIBUTION, ETC. | |
| Place of publication, distribution, etc. | [Bratislava] |
| Name of publisher, distributor, etc. | Motýľ |
| Date of publication, distribution, etc. | 2015 |
| 300 ## - PHYSICAL DESCRIPTION | |
| Extent | 318 s. |
| Dimensions | 21 cm |
| 500 ## - GENERAL NOTE | |
| General note | Miesto vydania podľa ISBN |
| 655 #7 - INDEX TERM--GENRE/FORM | |
| Genre/form data or focus term | slovenské romány |
| Source of term | SNKPH |
| 655 #7 - INDEX TERM--GENRE/FORM | |
| Genre/form data or focus term | Slovak fiction |
| Source of term | SNKPHeng |
| 910 ## - USER-OPTION DATA (OCLC) | |
| User-option data | pppk |
| 910 ## - USER-OPTION DATA (OCLC) | |
| User-option data | pokpoh |
| 910 ## - USER-OPTION DATA (OCLC) | |
| User-option data | sllk |
| 910 ## - USER-OPTION DATA (OCLC) | |
| User-option data | hevk |
| 910 ## - USER-OPTION DATA (OCLC) | |
| User-option data | skpk |
| 910 ## - USER-OPTION DATA (OCLC) | |
| User-option data | ttkjf |
| 910 ## - USER-OPTION DATA (OCLC) | |
| User-option data | totk |
| 910 ## - USER-OPTION DATA (OCLC) | |
| User-option data | bpksh |
| 910 ## - USER-OPTION DATA (OCLC) | |
| User-option data | snk |
| 942 ## - ADDED ENTRY ELEMENTS (KOHA) | |
| Source of classification or shelving scheme | Dewey Decimal Classification |
| Koha item type | Krásna literatúra pre dospelých |
| Suppress in OPAC | No |
| 949 ## - LOCAL PROCESSING INFORMATION (OCLC) | |
| 6 | 17A1196395 |
| a | snkSC 168973 D1 |
| b | snk2016/13193 |
| o | 787/16 |
| 949 ## - LOCAL PROCESSING INFORMATION (OCLC) | |
| 6 | 3869A12804 |
| a | bpksh821.162.4-31 |
| b | bpksh67065 |
| 949 ## - LOCAL PROCESSING INFORMATION (OCLC) | |
| 6 | 17A1184428 |
| a | snkSC 168973 |
| b | snk2016/8516 |
| o | 787/16 |
| s | 6100:20160519 |
| Stav vyradenia | Strata | Poškodenie | Spôsob nadobudnutia | Domovská knižnica | Aktuálna knižnica | Dátum nadobudnutia | Total checkouts | Čiarový kód exemplára | Date last seen | Typ exemplára |
|---|---|---|---|---|---|---|---|---|---|---|
| Dar | Obecná knižnica Horná Štubňa | Obecná knižnica Horná Štubňa | 20.03.2026 | 9788081640568 | 20.03.2026 | Krásna literatúra pre dospelých | ||||
| Dar | Obecná knižnica Turčianska Štiavnička | Obecná knižnica Turčianska Štiavnička | 09.04.2026 | 4738000982 | 09.04.2026 | Krásna literatúra pre dospelých |
